Was ist größer, höher, länger, Breiter? #2 - Statistiken

Allgemein
  • Dieses Quiz wurde 52 mal gespielt
  • Das Durchschnittsergebnis liegt bei 8 aus 14
Antwortstatistiken
Frage Antwort % Korrekt
Was ist Länger? Reeperbahn (Hamburg/St. Pauli)
100%
Was ist Länger? Der längste ICE der DB-Flotte
80%
Was ist Länger? Nil
80%
Was ist Länger? USS Enterprise (NCC-1701) aus der Serie Raumschiff Enterprise
80%
Was ist höher? Basilika Sacré-Cœur
60%
Was ist höher? Berliner Fernsehturm
60%
Was ist Länger? Route 66 USA
60%
Wer ist größer? Taylor Swift
60%
Was ist Länger? Weser
60%
Was ist größer? (Fläche) Spiekeroog
40%
Was ist Länger? USS Gerald R. Ford (Flugzeugträger)
40%
Was ist höher? Australischer Rieseneukalyptus
20%
Was ist länger? Chinesische Mauer
20%
Welches Gebäude hat eine größer Fläche? Pentagon
20%
Keine übereinstimmenden Quizze gefunden
Verteilung der Resultate
Anzahl Personen mit jedem Resultat
Perzentil nach korrekt beantworteten Fragen
Ihre Resultats-Entwicklung
Sie haben dieses Quiz noch nicht gespielt